000 00302nam a22001337a 4500
008 181029b xxu||||| |||| 00| 0 eng d
020 _a2740319115351
041 _aeng
080 _23 ED
_a321
100 _a21
101 _aPOL
245 _aModern Rhetorical Critism
_cHart.r.p
942 _2udc
_cBK
999 _c50988
_d50988